000 00512cam a2200205ua 4500
001 7941
008 160303n ii |||gr||||Z||||||hin
020 _a9788190866859
040 _cMAIN
041 _ahin
082 _a891.43
100 _aSahay, A. N.,
_eEditor.
245 _aGadya-katha alok
_cEdited by Alakh Niranjan Sahay
250 _a1st.
260 _aDibrugarh:
_bKangan,
_c2010.
300 _a63p.
653 _aEast Indo-European & Celtic literatures
653 _aHindi literature
942 _cBK
999 _c7061
_d7061